| 000 | 00903nam a22002177a 4500 | ||
|---|---|---|---|
| 999 |
_c1114 _d1114 |
||
| 003 | AR-CdUCM | ||
| 008 | 190226b ||||| |||| 00| 0 spa d | ||
| 040 |
_aMUNICIPALIDAD PROVINCIAL DEL CUSCO _cBIBLIOTECA MUNICIPAL DEL CUSCO |
||
| 082 |
_a340.7 / _bSE38 |
||
| 100 |
_aSentis Melendo, Santiago _94360 |
||
| 245 | _aEl juez y el derecho / | ||
| 260 |
_aBuenos Aires : _bEdiciones jurídicas Europa-América; _c1957. |
||
| 300 |
_a302 paginas ; _c15 cm. |
||
| 440 |
_aBreviarios de derecho _n7 _94361 |
||
| 505 | _aExamen general del aforismo -- Aplicación de la ley nacional --Aplicación de derecho consuetudinario -- El conocimiento como deber del juez -- Indicaciones del derecho en la demanda, su regulación en los códigos ... | ||
| 650 |
_aSentido jurídico _94362 |
||
| 650 |
_aLas leyes _94363 |
||
| 650 |
_aDerecho consuetudinario _94364 |
||
| 942 |
_2ddc _cLIBROS |
||
| 945 |
_arum _d2019-02-26 |
||